000 01022cam a22002531 4500
001 he 65000049
003 DLC
005 20260227111427.0
008 800508s1964 is a b 000 0 rus
010 _ahe 65000049
035 _a(OCoLC)6296241
040 _aDLC
_cNAlfC
_dDLC
041 1 _aengrus
042 _apremarc
050 0 0 _aTS693
_b.M613
110 2 _aMoskovskiǐ dom naucho-teknicheskoǐ propagandy imeni F.Ė. Dzerzhinskogo.
245 1 0 _aElectrodeposition of alloys.
_bElectroliticheskoe osazhdenie splavov.
_cV.A. Averkin, editor. Translated from Russian [by Ch. Nisenbaum and others; edited by IPST staff]
260 _aJerusalem,
_bIsrael Program for Scientific translations; [available from the Office of Technical Services, U.S. Dept. of Commerce, Washington]
_c1964.
300 _a201 p.
_billus.
_c24 cm.
500 _aObshchestvo po rasprostraneniyu politicheskikh i nauchnykh znanii RSFR.
504 _aIncludes bibliographies.
650 0 _aAlloy plating.
700 1 _aAverkin, V. A.,
_eed.
999 _c30861
_d30861